[Event "Mittelfranken-chTB2b 0809"]
[Site "Mittelfranken"]
[Date "2009.01.25"]
[Round "5.8"]
[White "Neugebauer, Artur"]
[Black "Link, Andreas"]
[Result "0-1"]
[WhiteElo "1668"]
[BlackElo "2006"]
[PlyCount "50"]
[EventDate "2008.10.12"]
[EventType "team"]
[EventRounds "9"]
[EventCountry "GER"]
[SourceTitle "EXT 2011"]
[Source "ChessBase"]
[SourceDate "2010.11.26"]
[SourceVersion "1"]
[SourceVersionDate "2010.11.26"]
[SourceQuality "1"]
[WhiteTeam "Lauf II"]
[BlackTeam "Nuernberg Zabo"]
[WhiteTeamCountry "GER"]
[BlackTeamCountry "GER"]

1. e4 c5 2. Nf3 e6 3. d4 cxd4 4. Nxd4 Nf6 5. Nc3 Nc6 6. Nxc6 bxc6 7. e5 Nd5 8. Nxd5 cxd5 9. Bd3 Qc7 10. f4 Bc5 11. Qe2 Rb8 12. b3 Bd4 13. Rb1 Qa5+ 14. Bd2 Qxa2 15. Qd1 Ba6 16. Bxa6 Qxa6 17. Rf1 0-0 18. Rf3 f6 19. c3 Bc5 20. Ra1 Qb5 21. c4 dxc4 22. Ra5 Qb6 23. bxc4 Bb4 24. Rb5 Qg1+ 25. Rf1 Qe3+ 0-1

[Event "Mittelfrankenliga-B2a 0607"]
[Site "Mittelfranken"]
[Date "2007.03.11"]
[Round "7.2"]
[White "Weiss, Michael1111"]
[Black "Neugebauer, Artur"]
[Result "1-0"]
[WhiteElo "1895"]
[BlackElo "1686"]
[PlyCount "45"]
[EventDate "2006.10.22"]
[EventType "team-tourn"]
[EventRounds "9"]
[EventCountry "GER"]
[SourceTitle "EXT 2011"]
[Source "ChessBase"]
[SourceDate "2010.11.26"]
[SourceVersion "1"]
[SourceVersionDate "2010.11.26"]
[SourceQuality "1"]
[WhiteTeam "Erlangen SC II"]
[BlackTeam "Lauf II"]
[WhiteTeamCountry "GER"]
[BlackTeamCountry "GER"]

1. d4 Nf6 2. Nf3 d5 3. c4 e6 4. Nc3 Bb4 5. Bg5 0-0 6. e3 Nbd7 7. Rc1 c6 8. Be2 Qa5 9. Qc2 Ne4 10. 0-0 Bxc3 11. bxc3 f5 12. Be7 Rf7 13. Bb4 Qc7 14. cxd5 cxd5 15. c4 Nb6 16. Ne5 Rf6 17. cxd5 Qxc2 18. Rxc2 Nxd5 19. Ba3 b6 20. Rfc1 Bb7 21. Bb5 f4 22. f3 Nxe3 23. Rc7 1-0

[Event "Mittelfrankenliga-B2a 0607"]
[Site "Mittelfranken"]
[Date "2007.01.28"]
[Round "5.2"]
[White "Guenther, Torsten"]
[Black "Neugebauer, Artur"]
[Result "1-0"]
[WhiteElo "2005"]
[BlackElo "1686"]
[PlyCount "57"]
[EventDate "2006.10.22"]
[EventType "team-tourn"]
[EventRounds "9"]
[EventCountry "GER"]
[SourceTitle "EXT 2011"]
[Source "ChessBase"]
[SourceDate "2010.11.26"]
[SourceVersion "1"]
[SourceVersionDate "2010.11.26"]
[SourceQuality "1"]
[WhiteTeam "Erlangen Siemens"]
[BlackTeam "Lauf II"]
[WhiteTeamCountry "GER"]
[BlackTeamCountry "GER"]

1. c4 Nf6 2. g3 g6 3. Bg2 Bg7 4. Nc3 c6 5. e4 e5 6. Nge2 0-0 7. 0-0 d6 8. h3 Be6 9. d3 Ne8 10. f4 f5 11. Rb1 Qd7 12. Kh2 fxe4 13. Nxe4 Nf6 14. N2c3 Nxe4 15. Nxe4 Qe7 16. Qb3 b5 17. Qb4 bxc4 18. dxc4 c5 19. Qa4 Bd7 20. Qd1 Bc6 21. Qxd6 Qxd6 22. Nxd6 Bxg2 23. Kxg2 Nc6 24. Ne4 Nb4 25. Nxc5 Nxa2 26. Ne6 Bh6 27. Nxf8 Rxf8 28. Bd2 exf4 29. gxf4 1-0

[Event "Mittelfrankenliga-B2a 0607"]
[Site "Mittelfranken"]
[Date "2007.01.14"]
[Round "4.2"]
[White "Neugebauer, Artur"]
[Black "Roesel, Gert"]
[Result "1/2-1/2"]
[WhiteElo "1686"]
[BlackElo "1878"]
[PlyCount "87"]
[EventDate "2006.10.22"]
[EventType "team-tourn"]
[EventRounds "9"]
[EventCountry "GER"]
[SourceTitle "EXT 2011"]
[Source "ChessBase"]
[SourceDate "2010.11.26"]
[SourceVersion "1"]
[SourceVersionDate "2010.11.26"]
[SourceQuality "1"]
[WhiteTeam "Lauf II"]
[BlackTeam "Altensittenbach II"]
[WhiteTeamCountry "GER"]
[BlackTeamCountry "GER"]

1. e4 c5 2. Nf3 d6 3. d4 cxd4 4. Nxd4 Nf6 5. Nc3 g6 6. Be3 Bg7 7. Qd2 Nc6 8. Bb5 Bd7 9. f3 0-0 10. 0-0-0 a6 11. Ba4 b5 12. Bb3 Na5 13. Bh6 Nxb3+ 14. Nxb3 Be6 15. Bxg7 Kxg7 16. Nd4 Rc8 17. Nxe6+ fxe6 18. Kb1 Rc4 19. Ne2 e5 20. b3 Rc5 21. Qe3 Qc7 22. Rc1 b4 23. c3 bxc3 24. Rxc3 Rxc3 25. Qxc3 Qb6 26. Qc2 Nd7 27. Rc1 Nc5 28. Nc3 a5 29. Nd5 Qb7 30. Ka1 Rb8 31. Rb1 e6 32. Ne3 Rc8 33. Qd2 Qc7 34. Nc4 Nb7 35. Rd1 a4 36. Qb4 axb3 37. axb3 Nc5 38. Rxd6 Nxb3+ 39. Qxb3 Qxc4 40. Qxc4 Rxc4 41. Kb2 Kf6 42. h4 Rd4 43. Rc6 Rd2+ 44. Rc2 1/2-1/2